000 00328nam a22001457a 4500
005 20160629171932.0
008 160629b xxu||||| |||| 00| 0 eng d
041 _aeng
082 _b10882
245 _aShivani Engineering Question Bank
260 _bShivani
_c2002
300 _a234
650 _aManagement
_9241
942 _cBK
999 _c4791
_d4789